000 00491nmm a2200169Ia 4500
008 251105s9999||||xx |||||||||||||||||und||
020 _a9788468756226
041 _aspa
100 _aShowalter, Gena
245 0 _aAmanecer en llamas
264 _a[Madrid, España] :
_bHarlequin,
_c[Fecha de publicación no identificada]
300 _a0 páginas
490 _a'Ángeles en la oscuridad'
650 _aRomance
856 _uhttps://public.digitaliapublishing.com/a/93609
942 _cCF
999 _c84195
_d84195